00489nam a2200181 a 4500001001300000003000900013005001700022008004100039020002400080082001600104100002000120245002500140260005000165300000900215500003500224650002800259700002000287nice12345678IN_TiNIC20260116014031.0100108s2009 cama grp 000 0 eng  a0521695597 c164000a190.20bOHE aO`Hear, Anthony aPolitical Philosophy aCambridge bCambridge University Press c2009 a246p aincludes index and biblioraphy aPolitics and Philosophy1 aO`Hear, Anthony